| 000 | 00654nam a22002057a 4500 | ||
|---|---|---|---|
| 999 |
_c11451 _d11451 |
||
| 003 | AR-CdUCM | ||
| 008 | 190404b ||||| |||| 00| 0 spa d | ||
| 040 |
_aMUNICIPALIDAD PROVINCIAL DEL CUSCO _cBIBLIOTECA MUNICIPAL DEL CUSCO |
||
| 082 |
_aC / 869.56 / _bM25P |
||
| 100 |
_aMaquera Cotrado, Sabino _928820 |
||
| 245 |
_aPerfiles Gritados : _bPoemas / |
||
| 260 |
_aCusco : _bAgrupación Cultural Rene Ramirez, _c1972. |
||
| 300 |
_a41 páginas ; _bilustraciones, _c17 cm. |
||
| 505 | _aContenido: Poemas. | ||
| 650 |
_aLiteratura Peruana _9132 |
||
| 650 |
_aSiglo XX _98 |
||
| 650 |
_aPoemas Cusqueños _917375 |
||
| 942 |
_2ddc _cLIBROS |
||
| 945 | _aachl | ||